000 00415nam a2200181Ia 4500
001 24118
005 20260414151022.0
008 260414t2012||||xx |||||||||||||| ||spa||
041 _aESP
082 _a780.938
_bB163
100 _aBoecio, Anicio
_eAUT
245 0 _aTratado de música
_b
260 _c2012
300 _a275 páginas :
_c24 cm.
650 _aABD
654 _aCAU
942 _cLIB
_dJUS
_fJUS
_2ddc
_n
999 _c24118
_d24118